Normal view
MARC view
Entry Personal Name
001 - CONTROL NUMBER
- control field: 28143
003 - CONTROL NUMBER IDENTIFIER
- control field: dpl
005 - DATE AND TIME OF LATEST TRANSACTION
- control field: 20110518115932.0
008 - FIXED-LENGTH DATA ELEMENTS
- fixed length control field: 110518|||a|||||| | ||| d
040 ## - CATALOGING SOURCE
- Original cataloging agency: dpl
- Transcribing agency: dpl
100 ## - HEADING--PERSONAL NAME
- Personal name: Sindhia dynasty,
670 ## - SOURCE DATA FOUND
- Source citation: Work cat.: (dpl): 25528 Farooqui, Amar, Sindias and the Raj :, 2011
670 ## - SOURCE DATA FOUND
- Source citation: Work cat.: (dpl): 25528 Farooqui, Amar, Sindias and the Raj :, 2011
